| 000 | 00641nam a2200229Ia 4500 | ||
|---|---|---|---|
| 008 | 160803s9999 xx 000 0 und d | ||
| 020 | _a9780590451611 | ||
| 100 | _aMcGovern, Ann | ||
| 245 | _aIf you sailed on Mayflower in 1620 / | ||
| 245 | _cby Ann McGovern ; illustrated by Anna DiVito. | ||
| 260 | _aNew York : | ||
| 260 | _bScholastic Inc. | ||
| 260 | _c1969 | ||
| 300 | _a80 pages : | ||
| 300 | _bcolor illustrations ; | ||
| 300 | _c19 x 23 cm | ||
| 650 | _aMayflower (Ship) -- | ||
| 650 | _aPilgrims (New Plymouth Colony) -- | ||
| 650 | _xJuvenile literature. | ||
| 650 | _xJuvenile literature. | ||
| 700 | _a600 | ||
| 999 |
_c299082 _d299082 |
||